000 00396nam a2200157 i 4500
001 45553
003 ES-MaACL
005 20230906161234.0
007 t|
008 030326s1922 pn ||||1| spa d
100 1 _aCollante, Lola.
_939668
245 1 0 _aMis inquietudes /
_cLola Collante.
260 _a[Panamá] :
_bEl tiempo,
_c1922.
300 _a88 p. ;
_c22 cm.
852 _aES-MaACL
_jF-7364
999 _c45553
_d45553